[Event "Ogolnopolska Olimpiada Mlodziezy D-14"]
[Site "Spala"]
[Date "1899-12-30"]
[Round "3.11"]
[White "Borkowska, Zuzanna"]
[Black "Kindler, Karolina"]
[Result "1/2-1/2"]
[WhiteTitle "II+"]
[BlackTitle "I"]
[WhiteElo "1342"]
[BlackElo "1438"]

1. e4 c5 2. Nf3 Nc6 3. d4 cxd4 4. Nxd4 g6 5. c3 Bg7 6. Nxc6 bxc6 7. Bd3 d6 8. Nd2
Nf6 9. O-O O-O 10. Kh1 Bd7 11. f4 Qb6 12. Nc4 Qb7 13. f5 c5 14. Qf3 a5 15. e5
Bc6 16. Qh3 dxe5 17. Nxe5 Be4 18. fxg6 hxg6 19. Bxe4 Nxe4 20. Nc4 Rfd8 21. Qf3
f5 22. Bf4 Qb5 23. Ne5 Bxe5 24. Bxe5 Rd5 25. Bf4 Qxb2 26. c4 Rd7 27. g4 e6 28.
gxf5 exf5 29. h4 Rad8 30. Qg2 Qf6 31. Bg5 Nxg5 32. Qxg5 Qxg5 33. hxg5 Rh7+ 34.
Kg2 Rh5 35. Kf3 Rxg5 36. Rab1 Rd3+ 37. Ke2 Rc3 38. Rb8+ Kf7 39. Rb7+ Ke6 40. Rb6+
Ke5 41. Rb8 Rg2+ 42. Kd1 Rxc4 43. Re8+ Kd4 44. Rf4+ Kd3 45. Rf3+ Kd4 46. Rf4+
Kd3 47. Rf3+ 1/2-1/2

[Event "Ogolnopolska Olimpiada Mlodziezy D-14"]
[Site "Spala"]
[Date "1899-12-30"]
[Round "3.12"]
[White "Jurkiewicz, Zuzanna"]
[Black "Bakalarczyk, Zuzanna"]
[Result "1-0"]
[WhiteTitle "I"]
[BlackTitle "II"]
[WhiteElo "1426"]
[BlackElo "1246"]

1. d4 d5 2. c4 c6 3. Nc3 dxc4 4. e3 b5 5. Nxb5 cxb5 6. Qf3 Nc6 7. Qxc6+ Bd7 8.
Qf3 Rc8 9. Bd2 Nf6 10. h3 e6 11. Qd1 b4 12. Rc1 c3 13. bxc3 bxc3 14. Rxc3 Rxc3
15. Bxc3 Ne4 16. Qd3 Nxc3 17. Qxc3 Qb6 18. a3 Qb1+ 19. Ke2 Bb5+ 20. Kf3 Qf5+ 21.
Kg3 Bxf1 22. Qc8+ Ke7 23. Qc7+ Kf6 24. Qd8+ Kg6 25. Nf3 Qd5 26. Ne5+ Kf5 27. Qxd5
exd5 28. Rxf1 Bd6 29. f4 Bxe5 30. fxe5+ Ke6 31. Kf4 Rc8 32. g4 Rf8 33. Rc1 Rd8
34. Rc6+ Ke7 35. Kf5 g6+ 36. Kg5 Rd7 37. Kh6 Kd8 38. Rd6 Rxd6 39. exd6 Kd7 40.
Kxh7 Kxd6 41. Kg7 Ke6 42. h4 f5 43. g5 f4 44. exf4 Kf5 45. Kh6 Ke4 46. Kxg6 Kxd4
47. h5 Kc3 48. h6 d4 49. h7 d3 50. h8=Q+ Kc2 51. Qc8+ Kd1 52. f5 d2 53. f6 Ke2
54. Qg4+ Ke1 55. Qe4+ Kf2 56. Qd3 Ke1 57. Qe3+ Kd1 58. f7 Kc2 59. Qc5+ Kb2 60.
Qb4+ Kc2 61. Qc4+ Kb2 62. Qd3 Kc1 63. Qc3+ Kd1 64. f8=R a6 65. Rd8 Ke2 66. Rxd2+
Ke1 67. Qc1# 1-0

[Event "Ogolnopolska Olimpiada Mlodziezy D-14"]
[Site "Spala"]
[Date "1899-12-30"]
[Round "3.13"]
[White "Gil, Oliwia"]
[Black "Humin, Julia"]
[Result "0-1"]
[WhiteTitle "II"]
[BlackTitle "II+"]
[WhiteElo "1316"]
[BlackElo "1418"]

1. e4 c5 2. Nf3 Nc6 3. d4 cxd4 4. Nxd4 Nf6 5. Nc3 e5 6. Ndb5 d6 7. Bg5 a6 8. Na3
b5 9. Bxf6 gxf6 10. Nd5 Bg7 11. c3 O-O 12. Nc2 f5 13. exf5 Bxf5 14. Nce3 Be6 15.
Be2 f5 16. c4 Nd4 17. b3 f4 18. Nf1 e4 19. Rc1 Rc8 20. Nc3 Qa5 21. Qd2 Nxe2 22.
Nxe2 Qxd2+ 23. Nxd2 d5 24. cxd5 Rxc1+ 25. Nxc1 Bxd5 26. O-O Rc8 27. Rd1 Bh6 28.
f3 e3 29. Ne4 Bxe4 30. fxe4 Rc2 31. Kf1 Rf2+ 32. Kg1 Rd2 33. Re1 Kf7 34. b4 Kf6
35. Kf1 Ke5 36. Nb3 Rxa2 37. Rc1 f3 38. Rc5+ Kxe4 39. gxf3+ Kxf3 40. Nd4+ Ke4
41. Ne2 Rb2 42. Ng3+ Kf3 43. Rf5+ Bf4 0-1

[Event "Ogolnopolska Olimpiada Mlodziezy D-14"]
[Site "Spala"]
[Date "1899-12-30"]
[Round "3.14"]
[White "Surpeta, Julia"]
[Black "Wojcik, Jagoda"]
[Result "0-1"]
[WhiteTitle "II"]
[BlackTitle "I"]
[WhiteElo "1130"]
[BlackElo "1407"]

1. e4 d5 2. f3 dxe4 3. fxe4 e5 4. g3 Nf6 5. Nf3 Bc5 6. c3 O-O 7. d4 exd4 8. cxd4
Bb4+ 9. Bd2 Bxd2+ 10. Nbxd2 Bg4 11. e5 Nd5 12. Qb3 Nb6 13. Bg2 Nc6 14. Qd3 Re8
15. O-O Nxe5 16. Qb3 Nxf3+ 17. Bxf3 Qxd4+ 18. Kh1 Bxf3+ 19. Nxf3 Qd6 20. Rad1
Qe6 21. Qc2 c6 22. Ng5 Qg6 23. Qd2 f6 24. Nh3 Qe4+ 25. Kg1 Qe3+ 26. Rf2 Qxd2 27.
Rfxd2 Kf7 28. Nf4 Re7 29. Rf1 Rae8 30. h4 Nc4 31. Rd4 Ne3 32. Rf3 Nf5 33. Rd2
Ne3 34. Kf2 Ng4+ 35. Kf1 Ne3+ 36. Kg1 Nc4 37. Rc2 Nb6 38. g4 Re3 39. Rff2 Rg3+
40. Kh2 Rxg4 41. Kh3 Rg1 42. h5 Rge1 43. Rc5 R1e5 44. b4 Rxc5 45. bxc5 Nd7 46.
h6 g6 47. Kg3 Nxc5 48. Rb2 g5 49. Nh5 Kg6 50. Rh2 f5 51. Ng7 Re3+ 52. Kg2 Re2+
53. Kg1 Rxh2 54. Kxh2 Ne4 55. Kg2 g4 56. Ne8 Kxh6 0-1

[Event "Ogolnopolska Olimpiada Mlodziezy D-14"]
[Site "Spala"]
[Date "1899-12-30"]
[Round "3.16"]
[White "Kalinowska, Karolina"]
[Black "Ciesinska, Weronika"]
[Result "0-1"]
[WhiteTitle "I"]
[BlackTitle "II"]
[WhiteElo "1537"]
[BlackElo "1335"]

1. e4 c5 2. Nf3 g6 3. d4 cxd4 4. Nxd4 Nf6 5. Nc3 d6 6. Be2 Bg7 7. Be3 O-O 8. O-O
Nc6 9. h3 Bd7 10. Qd2 a6 11. Rad1 Rc8 12. f4 Qc7 13. Nf3 b5 14. a3 Rfd8 15. Qe1
e6 16. Qf2 Rb8 17. Kh1 Na5 18. e5 dxe5 19. Nxe5 Nc4 20. Bxc4 bxc4 21. Rd4 Rxb2
22. Rxc4 Qb7 23. Rd1 Rc8 24. Rdd4 Rxc4 25. Rxc4 Nd5 26. Nxd5 exd5 27. Rc5 Bf5
28. Qd2 Be4 29. Nd3 Bxd3 30. Qxd3 Rb5 31. a4 Rxc5 32. Bxc5 Qc6 33. Qa3 Qc7 34.
Qb4 a5 35. Qb5 h5 36. Bb6 Qxf4 37. Qxd5 Be5 38. Bg1 Bc3 39. Qd3 Qb4 40. Qf3 Kg7
41. Qd3 Bf6 42. Qb3 Qxb3 43. cxb3 Bc3 44. Bc5 Kf6 45. Kg1 Ke5 46. Kf2 Bd4+ 47.
Bxd4+ Kxd4 48. b4 axb4 49. a5 Kc5 50. a6 Kb6 51. a7 Kxa7 52. Ke2 Kb6 53. Kd2 Kc5
54. Kc2 Kc4 55. Kb2 b3 56. Kb1 Kc3 57. Kc1 Kd3 58. Kb2 Ke3 59. Kxb3 Kf2 0-1

[Event "Ogolnopolska Olimpiada Mlodziezy D-14"]
[Site "Spala"]
[Date "1899-12-30"]
[Round "3.17"]
[White "Kostecka, Marika"]
[Black "Szelag, Zuzanna"]
[Result "1-0"]
[WhiteTitle "II"]
[BlackTitle "I"]
[WhiteElo "1392"]
[BlackElo "1534"]

1. e4 d5 2. exd5 Nf6 3. Nc3 Nxd5 4. h3 Nc6 5. Bb5 Nxc3 6. bxc3 Bd7 7. Nf3 e6 8.
O-O Bd6 9. d4 O-O 10. Bd3 Re8 11. Ng5 g6 12. Qf3 Qe7 13. Ne4 f5 14. Nxd6 cxd6
15. Ba3 Rac8 16. Rfe1 Na5 17. Qg3 Rxc3 18. Bb4 Rcc8 19. Bxa5 Ba4 20. c4 Qd7 21.
Rac1 b6 22. Bb4 Red8 23. Rc3 a5 24. Ba3 b5 25. Bb2 b4 26. Rcc1 Qa7 27. Rxe6 Qd7
28. Bxf5 Qf7 29. Bxg6 hxg6 30. Rxg6+ Kf8 31. d5 Qh7 32. Qf4+ Qf7 33. Bg7+ Kg8
34. Qh6 Qc7 35. Bf8+ Kf7 36. Qg7+ Ke8 37. Re6+ 1-0

[Event "Ogolnopolska Olimpiada Mlodziezy D-14"]
[Site "Spala"]
[Date "1899-12-30"]
[Round "3.18"]
[White "Ossolinska, Matylda"]
[Black "Spadlo, Katarzyna"]
[Result "1/2-1/2"]
[WhiteTitle "II"]
[BlackTitle "II"]
[WhiteElo "1426"]
[BlackElo "1318"]

1. e4 e5 2. Nf3 Nc6 3. Bc4 Nf6 4. d3 d6 5. h3 Be7 6. c3 Be6 7. Bb3 d5 8. Qe2 Qd6
9. Bg5 dxe4 10. dxe4 Bxb3 11. axb3 h6 12. Bh4 Nh5 13. Bxe7 Qxe7 14. O-O Nf4 15.
Qb5 Qd7 16. Nxe5 Nxe5 17. Qxe5+ Ne6 18. Na3 O-O 19. Rad1 Qc6 20. Qd5 Qb6 21. b4
c6 22. Qf5 Qc7 23. Nc4 Rad8 24. Qe5 Qe7 25. f3 f6 26. Qf5 Ng5 27. h4 Nf7 28. Rfe1
Ne5 29. Nxe5 fxe5 30. Qh3 Kh8 31. g4 Rf6 32. Kg2 Rfd6 33. Rxd6 Qxd6 34. Qg3 Qd2+
35. Qf2 Qf4 36. Re2 b6 37. Qg3 Qf6 38. Rf2 g5 39. hxg5 hxg5 40. Qh2+ Kg7 41. Qg3
Rh8 1/2-1/2

[Event "Ogolnopolska Olimpiada Mlodziezy D-14"]
[Site "Spala"]
[Date "1899-12-30"]
[Round "3.19"]
[White "Ziziuk, Martyna"]
[Black "Samujlo, Agnieszka"]
[Result "1-0"]
[WhiteTitle "II+"]
[BlackTitle "II"]
[WhiteElo "1412"]
[BlackElo "1216"]

1. c4 Nf6 2. Nc3 e5 3. g3 Bb4 4. Bg2 Nc6 5. a3 Bxc3 6. dxc3 h6 7. Nf3 O-O 8. O-O
d6 9. Qc2 Ne7 10. e4 Ng6 11. Rd1 Qe7 12. Be3 Be6 13. b3 Rfd8 14. Rd2 a6 15. Rad1
Rd7 16. Ne1 c6 17. Nd3 d5 18. cxd5 cxd5 19. Nc5 Rd6 20. Nxe6 Qxe6 21. exd5 Qe8
22. c4 b6 23. Re2 Ra7 24. Rde1 Rc7 25. Qb2 Rb7 26. f4 Rd8 27. fxe5 Qxe5 28. Qxe5
Nxe5 29. Bd4 Ng6 30. d6 Rdb8 31. Bxf6 gxf6 32. Rd1 b5 33. c5 Kg7 34. Rf1 Rc8 35.
b4 Rbb8 36. Ref2 1-0

[Event "Ogolnopolska Olimpiada Mlodziezy D-14"]
[Site "Spala"]
[Date "1899-12-30"]
[Round "3.20"]
[White "Tkaczyk, Weronika"]
[Black "Gowin, Malgorzata"]
[Result "0-1"]
[WhiteTitle "II"]
[BlackTitle "II+"]
[WhiteElo "1372"]
[BlackElo "1458"]

1. e4 c5 2. Nf3 a6 3. c3 Nc6 4. d4 cxd4 5. cxd4 e6 6. Nc3 Bb4 7. a3 Ba5 8. b4 Bb6
9. Be3 Nge7 10. d5 exd5 11. exd5 Bxe3 12. fxe3 Nb8 13. Qd4 O-O 14. Bd3 d6 15.
Qh4 Nf5 16. Qf4 Qf6 17. Kd2 Re8 18. Rae1 Ne7 19. Qxf6 gxf6 20. Rhf1 b5 21. Nd4
Nd7 22. Nf5 Nxf5 23. Bxf5 Kg7 24. Bxd7 Bxd7 25. Kd3 Re5 26. Kd4 Rc8 27. Kd3 Bf5+
28. e4 Bg6 29. Rf4 f5 30. Re3 fxe4+ 31. Nxe4 Rxd5+ 32. Ke2 Bxe4 33. Rfxe4 Rc2+
34. Kf1 Rd1+ 35. Re1 Rxe1+ 36. Rxe1 Rc3 37. Ra1 Kf6 38. a4 Rc4 39. axb5 axb5 40.
Rb1 Ke5 41. Ke2 d5 42. Kd3 Re4 43. Rb2 d4 44. Rc2 Re3+ 45. Kd2 Rc3 46. Rxc3 dxc3+
47. Kxc3 Ke4 48. g3 h5 49. h4 Ke3 50. Kc2 Kf3 51. Kd3 Kxg3 52. Kd4 f5 53. Kc5
f4 0-1

[Event "Ogolnopolska Olimpiada Mlodziezy D-14"]
[Site "Spala"]
[Date "1899-12-30"]
[Round "3.21"]
[White "Popiel, Natalia"]
[Black "Dwilewicz, Agata"]
[Result "0-1"]
[WhiteTitle "II"]
[BlackTitle "I"]
[WhiteElo "1319"]
[BlackElo "1585"]

1. e4 c5 2. Nf3 e6 3. d4 cxd4 4. Nxd4 Nc6 5. Nxc6 bxc6 6. Bd3 Nf6 7. Bf4 d5 8.
exd5 cxd5 9. O-O Bc5 10. Nd2 O-O 11. Qf3 Bb7 12. Qg3 Ne4 13. Bxe4 dxe4 14. Rad1
Qf6 15. Be5 Qh6 16. Kh1 f5 17. Nc4 Bd5 18. Nd6 f4 19. Qg4 Rad8 20. Nb5 Rf5 21.
Bc7 Rdf8 22. Nd4 Rh5 23. h3 Rh4 24. Qe2 f3 25. Qe3 Rxh3+ 26. gxh3 Qxh3+ 27. Bh2
Qg2# 0-1

[Event "Ogolnopolska Olimpiada Mlodziezy D-14"]
[Site "Spala"]
[Date "1899-12-30"]
[Round "3.22"]
[White "Zalewska, Katarzyna"]
[Black "Borsuk, Aleksandra"]
[Result "1-0"]
[WhiteTitle "II+"]
[BlackTitle "II"]
[WhiteElo "1331"]
[BlackElo "1228"]

1. d4 d5 2. Bf4 Bf5 3. e3 e6 4. c4 c6 5. Nc3 Bb4 6. Qb3 Bxc3+ 7. Qxc3 Nf6 8. Qb4
Qc8 9. Nf3 Nbd7 10. Ne5 b6 11. Rc1 Qb7 12. Nxd7 Qxd7 13. Be5 Qd8 14. cxd5 cxd5
15. Bb5+ Nd7 16. Bxg7 Rg8 17. Bxd7+ Qxd7 18. Bh6 Qe7 19. Qxe7+ Kxe7 20. O-O Rgc8
21. Bf4 Kd7 22. f3 Rc4 23. b3 Rcc8 24. Rfd1 h5 25. Re1 a6 26. Kf2 Bg6 27. e4 dxe4
28. fxe4 f6 29. Kf3 Ke7 30. d5 e5 31. Be3 b5 32. Bc5+ Kd7 33. Rf1 Ke8 34. Ke3
Kf7 35. Bd6 Kg7 36. Rc6 Rxc6 37. dxc6 Rc8 38. c7 a5 39. Be7 Rxc7 40. Bxf6+ Kh7
41. Bxe5 Rc2 42. Rf8 Bxe4 43. Kxe4 Kg6 44. Rf6+ Kh7 45. Rb6 b4 46. Bf4 Rxg2 47.
Rh6+ Kg8 48. Rxh5 Rxa2 49. Rg5+ Kf8 50. h4 Rc2 51. Rxa5 Rc8 52. h5 Kf7 53. Rf5+
Ke6 54. Re5+ Kf7 55. h6 Rh8 56. Rb5 Kg6 57. Rb6+ Kh5 58. Rxb4 Kg6 59. Rb6+ Kf7
60. Bg5 1-0

[Event "Ogolnopolska Olimpiada Mlodziezy D-14"]
[Site "Spala"]
[Date "1899-12-30"]
[Round "4.1"]
[White "Kaczmarska, Joanna"]
[Black "Antolak, Julia"]
[Result "0-1"]
[WhiteTitle "I++"]
[BlackTitle "I++"]
[WhiteElo "1724"]
[BlackElo "1809"]

1. d4 Nf6 2. c4 d6 3. Nc3 Nbd7 4. e4 e5 5. d5 Nc5 6. Qc2 a5 7. Be3 Be7 8. Bxc5
dxc5 9. Nf3 Bd6 10. g3 O-O 11. Bg2 Nh5 12. O-O g6 13. Rae1 Bd7 14. Qd2 Re8 15.
Qd1 b6 16. a4 Bf8 17. Nd2 Bd6 18. Nb5 Bxb5 19. cxb5 Ng7 20. f4 f5 21. Nc4 fxe4
22. fxe5 Bxe5 23. Nxe5 Rxe5 24. Rxe4 Rxe4 25. Bxe4 Qd6 26. Qd3 Re8 27. g4 Qe7
28. Re1 Qh4 29. Qg3 Qxg3+ 30. hxg3 Re5 31. d6 Re8 0-1

[Event "Ogolnopolska Olimpiada Mlodziezy D-14"]
[Site "Spala"]
[Date "1899-12-30"]
[Round "4.2"]
[White "Stebel, Agata"]
[Black "Parol, Pola"]
[Result "0-1"]
[WhiteTitle "I"]
[BlackTitle "I"]
[WhiteElo "1673"]
[BlackElo "1734"]

1. d4 d5 2. c4 c6 3. Nc3 Nf6 4. Nf3 e6 5. cxd5 exd5 6. Bg5 Be7 7. Qc2 O-O 8. e3
Bg4 9. Ne5 Bh5 10. Bd3 Bg6 11. Bxg6 fxg6 12. O-O Nbd7 13. f4 Nxe5 14. fxe5 Nd7
15. Bf4 Nb6 16. b3 Qd7 17. Rad1 Rac8 18. Qd2 Qe6 19. e4 Bb4 20. Qc2 Bxc3 21. Qxc3
dxe4 22. Rde1 Nd5 23. Qd2 Rxf4 24. Rxf4 e3 25. Qa5 Nxf4 26. Rxe3 Qd5 27. Qd2 Ne6
28. Rd3 Rd8 29. Qf2 Qe4 30. Rd1 Rxd4 31. Rf1 Qf4 32. Qe1 Qd2 33. Qg3 Rf4 34. Re1
Qd4+ 35. Kh1 Qf2 36. Qxf2 Rxf2 37. Kg1 Rf7 38. Rd1 Kf8 39. Rd6 Ke7 40. b4 a6 41.
g4 Rf4 0-1

[Event "Ogolnopolska Olimpiada Mlodziezy D-14"]
[Site "Spala"]
[Date "1899-12-30"]
[Round "4.3"]
[White "Frej, Zofia"]
[Black "Sliwicka, Alicja"]
[Result "0-1"]
[WhiteTitle "I+"]
[BlackTitle "WFM"]
[WhiteElo "1747"]
[BlackElo "1841"]

1. d4 Nf6 2. Nf3 g6 3. e3 Bg7 4. Bd3 d5 5. Nbd2 c5 6. c4 Nc6 7. dxc5 e5 8. cxd5
Qxd5 9. Bb5 O-O 10. O-O e4 11. Bxc6 bxc6 12. Nd4 Ba6 13. Re1 Nd7 14. N2b3 Ne5
15. Nf5 gxf5 16. Qxd5 cxd5 17. Nd4 Nd3 18. Rd1 Bxd4 19. exd4 f4 20. b3 Rfe8 21.
Bd2 e3 22. fxe3 fxe3 23. Be1 Re4 0-1

[Event "Ogolnopolska Olimpiada Mlodziezy D-14"]
[Site "Spala"]
[Date "1899-12-30"]
[Round "4.4"]
[White "Leczek, Weronika"]
[Black "Cieslak, Wiktoria"]
[Result "0-1"]
[WhiteTitle "I"]
[BlackTitle "I"]
[WhiteElo "1632"]
[BlackElo "1615"]

1. e4 c5 2. c3 Nf6 3. e5 Nd5 4. d4 e6 5. Nf3 Nc6 6. Be2 cxd4 7. cxd4 d6 8. O-O
Be7 9. Kh1 O-O 10. a3 Qc7 11. Qc2 f6 12. Bd3 f5 13. Nc3 Nxc3 14. Qxc3 Bd7 15.
Bf4 Rac8 16. Rac1 h6 17. h4 Qd8 18. exd6 Bxh4 19. Qd2 Bf6 20. Bc4 g5 21. Be5 Kh7
22. Rfe1 g4 23. Nh2 Nxe5 24. dxe5 Bg5 25. Qd3 Bxc1 26. Rxc1 b5 27. Rd1 bxc4 28.
Qg3 Qg5 29. f4 gxf3 0-1

[Event "Ogolnopolska Olimpiada Mlodziezy D-14"]
[Site "Spala"]
[Date "1899-12-30"]
[Round "4.5"]
[White "Humin, Julia"]
[Black "Trusz, Julia"]
[Result "1-0"]
[WhiteTitle "II+"]
[BlackTitle "I"]
[WhiteElo "1418"]
[BlackElo "1533"]

1. d4 d5 2. c4 e6 3. cxd5 exd5 4. Nc3 Nf6 5. Bg5 Nbd7 6. e3 Be7 7. Bd3 O-O 8. Nge2
Re8 9. Qc2 Nf8 10. f3 Nh5 11. Bxe7 Rxe7 12. e4 dxe4 13. fxe4 c6 14. O-O-O Nf6
15. h3 Be6 16. Kb1 Rc8 17. g4 b5 18. Rd2 Qb6 19. Rhd1 Rb7 20. g5 Nh5 21. d5 cxd5
22. Bxb5 dxe4 23. Qxe4 a6 24. Rd6 Qa7 25. Bxa6 Rxc3 26. Nxc3 Rb8 27. Bc4 Bxc4
28. Qxc4 g6 29. Ne4 Qe7 30. Nf6+ Nxf6 31. gxf6 Qe5 32. Qd4 Qf5+ 33. Ka1 Qxh3 34.
Rd8 Rxd8 35. Qxd8 Qe3 36. Qe7 Qh6 37. a3 Ne6 38. Ka2 Nf8 39. Rd8 g5 40. a4 g4
41. a5 g3 42. a6 g2 43. a7 g1=Q 44. a8=Q 1-0

[Event "Ogolnopolska Olimpiada Mlodziezy D-14"]
[Site "Spala"]
[Date "1899-12-30"]
[Round "4.6"]
[White "Karykowska, Anna"]
[Black "Trembowiecka-wysota, Aleksandra"]
[Result "1-0"]
[WhiteTitle "I+"]
[BlackTitle "I"]
[WhiteElo "1525"]
[BlackElo "1451"]

1. e4 c5 2. Nf3 d6 3. d4 cxd4 4. Nxd4 Nf6 5. Nc3 a6 6. h3 e5 7. Nde2 Nc6 8. g4
Be6 9. Bg2 Be7 10. Nd5 Bxd5 11. exd5 Na7 12. O-O O-O 13. Be3 Nb5 14. c4 Nc7 15.
Ng3 Nfe8 16. Qd2 b5 17. Rac1 bxc4 18. Rxc4 g6 19. Bb6 Bg5 20. Qa5 Rc8 21. Ne4
Be7 22. Rfc1 f5 23. Ng3 Bg5 24. R1c2 Rf7 25. gxf5 gxf5 26. Bxc7 Nxc7 27. Rc6 Rf8
28. Rxc7 e4 29. Qc3 Rxc7 30. Qxc7 e3 31. Qxd8 Rxd8 32. Nxf5 1-0

[Event "Ogolnopolska Olimpiada Mlodziezy D-14"]
[Site "Spala"]
[Date "1899-12-30"]
[Round "4.7"]
[White "Wojcik, Jagoda"]
[Black "Socko, Weronika"]
[Result "0-1"]
[WhiteTitle "I"]
[BlackTitle "II+"]
[WhiteElo "1407"]
[BlackElo "1518"]

1. e4 c5 2. Nf3 Nc6 3. Bb5 d6 4. O-O Nf6 5. Re1 Bd7 6. c3 a6 7. Bf1 Bg4 8. h3 Bh5
9. d4 cxd4 10. cxd4 Bxf3 11. gxf3 e5 12. d5 Ne7 13. Nc3 Ng6 14. Be3 Be7 15. Qb3
b5 16. a4 bxa4 17. Qxa4+ Kf8 18. Qc6 Nd7 19. Bxa6 Rb8 20. Na4 Nh4 21. Reb1 Nxf3+
22. Kf1 Nd4 23. Qc4 Nc5 24. Nxc5 dxc5 25. Bxd4 exd4 26. Ra4 Qd7 27. Kg2 g6 28.
e5 Qf5 29. Re1 Rxb2 30. Ra2 Qxf2+ 31. Kh1 Qh2# 0-1

[Event "Ogolnopolska Olimpiada Mlodziezy D-14"]
[Site "Spala"]
[Date "1899-12-30"]
[Round "4.8"]
[White "Kwiatkowska, Agnieszka"]
[Black "Jurkiewicz, Zuzanna"]
[Result "1-0"]
[WhiteTitle "II+"]
[BlackTitle "I"]
[WhiteElo "1518"]
[BlackElo "1426"]

1. e4 c5 2. Nc3 e6 3. g3 d5 4. exd5 exd5 5. d4 cxd4 6. Qxd4 Nf6 7. Bg5 Be7 8. O-O-O
Be6 9. Bg2 Nc6 10. Qe3 Ng4 11. Qe2 Bxg5+ 12. f4 Bxf4+ 13. gxf4 Qe7 14. Nxd5 Bxd5
15. Qxg4 f5 16. Qg3 Bxg2 17. Qxg2 O-O 18. Nh3 a5 19. Rhe1 Qf7 20. Qd5 Qxd5 21.
Rxd5 Rad8 22. Red1 Rxd5 23. Rxd5 h6 24. Nf2 Rf6 25. Rd3 Nb4 26. Rd8+ Kh7 27. a3
Nc6 28. Rd3 b6 29. Kd2 Ne7 30. Rd4 Ng6 31. Nd3 Re6 32. b4 Nh4 33. Ne5 Rxe5 34.
fxe5 Nf3+ 35. Ke3 Nxd4 36. Kxd4 axb4 37. axb4 Kg8 38. c4 g5 39. c5 bxc5+ 40. Kxc5
f4 41. Kd4 Kf7 42. b5 f3 43. Ke3 f2 44. Kxf2 Ke6 45. b6 1-0

[Event "Ogolnopolska Olimpiada Mlodziezy D-14"]
[Site "Spala"]
[Date "1899-12-30"]
[Round "4.9"]
[White "Gredka, Dominika"]
[Black "Daliga, Anita"]
[Result "1/2-1/2"]
[WhiteTitle "I"]
[BlackTitle "II+"]
[WhiteElo "1470"]
[BlackElo "1390"]

1. e4 e5 2. Nf3 Nc6 3. Bb5 a6 4. Ba4 Bc5 5. O-O d6 6. h3 Nf6 7. Re1 b5 8. Bb3 O-O
9. c3 h6 10. d4 Bb6 11. Bc2 Bb7 12. Be3 Re8 13. d5 Bxe3 14. Rxe3 Ne7 15. Re1 c6
16. dxc6 Bxc6 17. Nbd2 Ng6 18. Nf1 Qc7 19. Ng3 Rad8 20. Qc1 Nf4 21. Kh2 Qb6 22.
Kg1 Qc7 23. Kh2 Qb6 24. Kg1 Qc7 1/2-1/2

[Event "Ogolnopolska Olimpiada Mlodziezy D-14"]
[Site "Spala"]
[Date "1899-12-30"]
[Round "4.10"]
[White "Trybowska, Barbara"]
[Black "Pedrak, Paulina"]
[Result "0-1"]
[WhiteTitle "I"]
[BlackTitle "I"]
[WhiteElo "1457"]
[BlackElo "1367"]

1. e4 c5 2. Nf3 e6 3. Nc3 a6 4. d4 cxd4 5. Nxd4 Nc6 6. Nxc6 bxc6 7. Be3 d5 8. Bd3
d4 9. Bxa6 dxe3 10. Bxc8 exf2+ 11. Kxf2 Bc5+ 12. Ke1 Rxc8 13. Qf3 Nf6 14. e5 Nd5
15. Rf1 O-O 16. Ne4 Bd4 17. Qg3 Bxb2 18. Rd1 Qb6 19. Nf6+ Nxf6 20. exf6 Qa5+ 21.
Ke2 Qe5+ 22. Kf2 Qxg3+ 23. Kxg3 Bxf6 24. c4 Ra8 25. Rd2 Rfd8 26. Rfd1 Rxd2 27.
Rxd2 Kf8 28. Kf4 Ra4 29. Ke4 Rxc4+ 30. Kd3 Rd4+ 0-1

[Event "Ogolnopolska Olimpiada Mlodziezy D-14"]
[Site "Spala"]
[Date "1899-12-30"]
[Round "4.11"]
[White "Kindler, Karolina"]
[Black "Krzywnicka, Maria"]
[Result "0-1"]
[WhiteTitle "I"]
[BlackTitle "II"]
[WhiteElo "1438"]
[BlackElo "1360"]

1. e4 c5 2. Nf3 d6 3. d4 cxd4 4. Nxd4 Nf6 5. Nc3 a6 6. Be3 e5 7. Nf3 Be7 8. Be2
Qc7 9. Qd2 O-O 10. O-O b5 11. a3 Bb7 12. Qd3 Nbd7 13. Rfd1 Nc5 14. Bxc5 dxc5 15.
Nd5 Bxd5 16. exd5 e4 17. Qe3 exf3 18. Bxf3 Bd6 19. h3 Rfe8 20. Qg5 h6 21. Qd2
Re5 22. Re1 Rae8 23. Rxe5 Rxe5 24. Re1 Rxe1+ 25. Qxe1 b4 26. axb4 cxb4 27. Qe2
Qa5 28. b3 Qa1+ 29. Qd1 Qxd1+ 30. Bxd1 Nxd5 31. Be2 a5 32. Bc4 Nc3 33. Kf1 Bc5
34. f3 Kf8 35. Ke1 Be3 36. g4 g5 0-1

[Event "Ogolnopolska Olimpiada Mlodziezy D-14"]
[Site "Spala"]
[Date "1899-12-30"]
[Round "4.12"]
[White "Borkowska, Zuzanna"]
[Black "Ziziuk, Martyna"]
[Result "1/2-1/2"]
[WhiteTitle "II+"]
[BlackTitle "II+"]
[WhiteElo "1342"]
[BlackElo "1412"]

1. e4 e5 2. Nf3 Nc6 3. d4 exd4 4. Nxd4 Bc5 5. Be3 Bb6 6. Nf5 Qf6 7. Bxb6 axb6 8.
Nc3 Nge7 9. Nxe7 Nxe7 10. g3 O-O 11. Bg2 Ng6 12. f4 d6 13. O-O c6 14. Qd3 h5 15.
Rad1 b5 16. a3 Bg4 17. Rd2 d5 18. e5 Qf5 19. Qxf5 Bxf5 20. Ne2 Ne7 21. Nd4 g6
22. Re1 Rfe8 23. h3 Bd7 24. Nf3 Nf5 25. Kh2 Kg7 26. Ng5 Ra4 27. Ne4 Bc8 28. Nf6
Re7 29. c3 Nh6 30. Rd4 Ra7 31. Red1 Nf5 32. R4d3 Nh6 33. Bf3 Ng8 34. Nxg8 Kxg8
35. g4 hxg4 36. hxg4 Re8 37. Re1 Be6 38. Rd4 Kf8 39. Kg3 Ke7 40. Rh1 Raa8 41.
Rdd1 Rh8 42. Rxh8 Rxh8 43. Ra1 1/2-1/2

[Event "Ogolnopolska Olimpiada Mlodziezy D-14"]
[Site "Spala"]
[Date "1899-12-30"]
[Round "4.13"]
[White "Ciesinska, Weronika"]
[Black "Kostecka, Marika"]
[Result "1/2-1/2"]
[WhiteTitle "II"]
[BlackTitle "II"]
[WhiteElo "1335"]
[BlackElo "1392"]

1. e4 e5 2. Nf3 Nc6 3. Bc4 Bc5 4. c3 Nf6 5. d3 h6 6. O-O d6 7. Re1 O-O 8. Bb3 Bg4
9. h3 Bh5 10. Nbd2 Re8 11. Nf1 d5 12. exd5 Nxd5 13. Ng3 Bg6 14. Ba4 Qf6 15. Bxc6
bxc6 16. d4 exd4 17. Rxe8+ Rxe8 18. cxd4 Bb6 19. Qd2 Rd8 20. b3 Ne7 21. Bb2 Qd6
22. Rd1 Qd5 23. Ne5 c5 24. Nxg6 Nxg6 25. Qe2 Nf4 26. Qe4 Qxe4 27. Nxe4 cxd4 28.
Kf1 Kf8 29. Ba3+ Ke8 30. Bc5 f5 31. Bxb6 axb6 32. Ng3 g6 33. Ne2 Nxe2 34. Kxe2
c5 35. Kd3 b5 36. Rc1 Rd5 37. a4 bxa4 38. bxa4 Kd7 39. Rd1 Kc6 40. Kc4 Rd8 41.
a5 Ra8 42. Re1 Ra6 43. Re5 Rxa5 44. Re6+ Kc7 45. Rxg6 Ra2 46. Kxc5 d3 47. Rc6+
Kb7 48. Rd6 d2 49. Kb4 d1=Q 50. Rxd1 Rxf2 51. Rg1 Kc6 52. Kc4 f4 53. Kd4 f3 54.
gxf3 Rxf3 55. Rg6+ Kd7 56. Rxh6 Ke7 57. Ke4 Rf6 58. Rh5 Kf7 59. h4 Kg6 1/2-1/2

[Event "Ogolnopolska Olimpiada Mlodziezy D-14"]
[Site "Spala"]
[Date "1899-12-30"]
[Round "4.14"]
[White "Dwilewicz, Agata"]
[Black "Gil, Oliwia"]
[Result "1-0"]
[WhiteTitle "I"]
[BlackTitle "II"]
[WhiteElo "1585"]
[BlackElo "1316"]

1. e4 e5 2. Nc3 Nf6 3. g3 Nc6 4. Bg2 Bc5 5. Nf3 d6 6. O-O O-O 7. d3 h6 8. Na4 Bb4
9. c3 Ba5 10. b4 Bb6 11. Nxb6 axb6 12. Re1 Re8 13. Bb2 Be6 14. a3 Re7 15. h3 Qe8
16. d4 exd4 17. cxd4 Bd7 18. d5 Ne5 19. Nxe5 dxe5 20. f4 Ba4 21. Qd2 Nd7 22. Rac1
Rc8 23. Bf3 exf4 24. gxf4 Nf8 25. Qg2 f6 26. Bxf6 Rf7 27. Bh5 Qd7 28. Bxf7+ Qxf7
29. Be5 Kh8 30. Qg4 Bd7 31. f5 Bb5 32. Rc3 Nh7 33. Rg3 Rg8 34. Rc1 Nf6 35. Qh4
Be8 36. Rxc7 1-0

[Event "Ogolnopolska Olimpiada Mlodziezy D-14"]
[Site "Spala"]
[Date "1899-12-30"]
[Round "4.15"]
[White "Malinowska, Monika"]
[Black "Guzik, Natalia"]
[Result "0-1"]
[WhiteTitle "II+"]
[BlackTitle "I"]
[WhiteElo "1326"]
[BlackElo "1498"]

1. d4 d5 2. c4 e6 3. Nc3 Be7 4. Nf3 Nf6 5. Bg5 O-O 6. e3 h6 7. Bh4 c6 8. Bd3 dxc4
9. Bxc4 b5 10. Bd3 Nbd7 11. O-O Bb7 12. Rc1 Rc8 13. Re1 b4 14. Ne4 Nxe4 15. Bxe7
Nxf2 16. Bh7+ Kh8 17. Bxd8 Nxd1 18. Rexd1 Rfxd8 19. Bd3 a5 20. Nd2 Nb6 21. Rf1
Rc7 22. Nb3 a4 23. Nc5 Rdc8 24. Be4 Nd5 25. Rfe1 a3 26. bxa3 bxa3 27. Bc2 Ba8
28. Bb3 Nb6 29. Rc3 Nd7 30. Rec1 Nxc5 31. Rxc5 Ra7 32. d5 exd5 33. Bxd5 Re7 34.
e4 Kg8 35. Kf2 Kf8 36. Kf3 Re5 37. Kf4 f6 38. R1c3 Rce8 39. Bxc6 Rxc5 40. Rxc5
Rc8 41. Bxa8 Rxc5 42. Bd5 Ke7 43. Bb3 Rc3 44. Bd5 g6 45. h3 Kd6 46. Bf7 g5+ 47.
Kg4 Ke5 48. h4 Kxe4 49. hxg5 hxg5 50. Bg8 f5+ 51. Kxg5 Rg3+ 0-1